000
00285nam a22001337a 4500
003
SGT
020
_a
9789353160500
100
_a
RAO,P.N.
245
_a
MANUFACTRING TECHNOLOGY
250
_a
4th
260
_a
CHENNAI
_b
MC GRAW HILL EDUCATION
_c
2023
300
_a
1.14
942
_2
ddc
_c
BK
999
_c
25809
_d
25809